The major young poets
Saved in:
| Hovedforfatter: | |
|---|---|
| Format: | Bog |
| Sprog: | engelsk |
| Udgivet: |
Nueva York
World Publishing Company
1971
|
| Serier: | Meridian Books
|
| Fag: | |
| Tags: |
Tilføj Tag
Ingen Tags, Vær først til at tagge denne postø!
|
MARC
| LEADER | 00000nam a2200000 a 4500 | ||
|---|---|---|---|
| 001 | UCQ3656 | ||
| 003 | CL-VaPUC | ||
| 008 | 980821e19710000US |||||||||||||||||eng|d | ||
| 082 | 0 | 4 | |a 811.08 |b LEE |2 21 |
| 100 | 0 | |a Lee, Al |e author |9 417913 | |
| 245 | 1 | 4 | |a The major young poets |
| 300 | |a 200 p | ||
| 942 | |c BK | ||
| 945 | |d 19980821 00:00:00 |a crobeson | ||
| 260 | |a Nueva York |b World Publishing Company |c 1971 | ||
| 600 | 0 | 7 | |a BELL, MARVIN |2 CL-VaPUC |9 417914 |
| 600 | 0 | 7 | |a BENEDIKT, MICHAEL |2 CL-VaPUC |9 417915 |
| 600 | 0 | 7 | |a SIMIC, CHARLES |2 CL-VaPUC |9 417916 |
| 600 | 0 | 7 | |a STRAND, MARK |2 CL-VaPUC |9 417917 |
| 600 | 0 | 7 | |a TATE, JAMES |2 CL-VaPUC |9 417918 |
| 600 | 0 | 7 | |a WILLIAMS, C. K |2 CL-VaPUC |9 417919 |
| 600 | 0 | 7 | |a YOUNG, DAVID P |2 CL-VaPUC |9 417920 |
| 650 | 7 | |a POESIAS ESTADOUNIDENSES |2 CL-VaPUC |9 417921 | |
| 650 | 0 | |a Literatura estadounidense |9 317168 | |
| 650 | 0 | |a Antologías |9 309836 | |
| 583 | |a last modification |c 19980821 00:00:00 |k Rodrigo Vera | ||
| 490 | 0 | |a Meridian Books | |
| 999 | |c 274173 |d 274171 | ||
| 952 | |0 0 |1 0 |4 0 |6 811_080000000000000_LEE_1971 |7 0 |8 A |9 310276 |a BIBEDU |b BIBEDU |d 2019-11-20 |i 1456776 |o 811.08 LEE 1971 |p 1456776 |r 2019-11-20 |w 2019-11-20 |y BK |k LIT | ||